000 00803nam a2200253Ia 4500
003 OSt
005 20220923215626.0
006 a|||||r|||| 00| 0
007 ta
008 220922b |||||||| |||| 00| 0 hin d
024 _a180,360
037 _cTextual
040 _aARTS
_cARTS
_bhin
041 _2hin
_ahin
082 _aO152jN05, J0
100 _aकोयदी, रामकुमार
245 0 _aविशेषंाक
246 _aVisheṣhanāka
260 _aइलाहाबाद
_b इलाहाबाद विश्वविधालय
_c1950
300 _a227 पृ.
_ccm.
650 _aहिन्दी साहित्य
_9156264
942 _hO152jN05, J0
_cTEXL
_2CC
999 _c333738
_d333738